000 00751naa a2200157 i 4500
001 9955
003 KOSZ 005
005 20180412115056.0
008 180412s1986 pl f |000 0 pol
040 _cKOSZ 005/HR
_aKOSZ 005/HR
100 1 _aCHARUN, Henryk.
_d1982 - 1996.
_bWyższa Szkoła Inżynierska w Koszalinie - Wydział Mechaniczny,
_cZakład Termodynamiki i Chłodnictwa
245 _aOznaczanie temperatury zapłonu i palenia paliw i smarów /
_cHenryk Charun.
650 0 _aTermodynamika techniczna.
773 0 _iW :
_tMateriały pomocnicze do ćwiczeń laboratoryjnych z podstaw techniki cieplnej. Cz. 2 / pod red. Mariana Czapp. -
_dKoszalin : Wydaw. Uczelniane Wyższej Szkoły Inżynierskiej, 1986. -
_gs. 346-354
942 _cROZ
_2UKD
999 _c9955
_d9955